01016nam a2200277 a 450000100100000000500170001000800410002702000150006804000250008304100190010808200150012710000220014224000290016424500770019326000450027030000280031550400560034365000440039965000330044365000440047670000420052091000370056204900090059995201130060899900170072100003640920200930075721.0120117s1994 cl a 001 0 spa d a958020943x aDO-SdBNPbspacBNPHU17aspaheng2MARC a396bS326s1 aScher, Bob96262010aThe little know-how book10aSoluciones curiosas /cBob Scher ; traducción María Mercedes Correa. aSanta Fe de Bogotá :bVoluntad,c1994. a196 p. :bil. ;c22 cm. aIncluye bibliografía y notas al pie de páginas. 4aHabilidades sociales-enseñanza962621 4aAptitudes mecánicas962622 4aManuales de hágalo usted mismo9626231 aCorrea, María Mercedes,etr.942949 aValidado. Control de calidad EMS aBNPD 001050718MOaGRbGRcHDd2012-01-17iLF1l0o396 S326sp36410-10r2020-06-25w2020-06-25y1ZNo se presta c35900d35900